[Event "BAN-chT 1st League"]
[Site "Dhaka"]
[Date "2022.03.11"]
[Round "2.4"]
[White "Jodunath, Biswas"]
[Black "Uten"]
[Result "0-1"]
[WhiteElo "1877"]
[BlackElo "1986"]
[PlyCount "68"]
[EventDate "2022.03.10"]
[EventType "team-tourn"]
[EventRounds "11"]
[EventCountry "BAN"]
[SourceTitle "EXT 2023"]
[Source "ChessBase"]
[SourceDate "2022.10.05"]
[SourceVersion "1"]
[SourceVersionDate "2022.10.05"]
[SourceQuality "1"]
[WhiteTeam "Sangbadik Shahnoor Khan"]
[BlackTeam "Esoft Arena"]
[WhiteTeamCountry "BAN"]
[BlackTeamCountry "BAN"]

1. Nf3 d5 2. g3 c5 3. Bg2 Nc6 4. d3 e5 5. 0-0 Nf6 6. Nbd2 Bd6 7. e4 d4 8. Nc4 Bc7 9. Ne1 Be6 10. f4 Qd7 11. f5 Bxc4 12. dxc4 h6 13. Nd3 Bd6 14. a3 Na5 15. b3 b5 16. cxb5 Qxb5 17. a4 Qb6 18. Bd2 c4 19. Bxa5 Qxa5 20. bxc4 Qc3 21. c5 Bxc5 22. Rb1 Bd6 23. g4 Rc8 24. Rf2 h5 25. h3 hxg4 26. hxg4 Rh4 27. Bf3 Qc6 28. Rg2 Ke7 29. Nf4 Rch8 30. Rd2 exf4 31. g5 Ng4 32. Bxg4 Rh1+ 33. Kf2 R8h2+ 34. Kf3 Rxd1 0-1

[Event "Dhaka Bangabandhu op-B"]
[Site "Dhaka"]
[Date "2021.03.11"]
[Round "3"]
[White "Dewan, Shahidul Amin"]
[Black "Jodunath, Biswas"]
[Result "0-1"]
[WhiteElo "1996"]
[BlackElo "1804"]
[PlyCount "74"]
[EventDate "2021.03.09"]
[EventType "swiss"]
[EventRounds "9"]
[EventCountry "BAN"]
[SourceTitle "CBM 201 Extra"]
[Source "ChessBase"]
[SourceDate "2021.05.31"]
[SourceVersion "1"]
[SourceVersionDate "2021.05.31"]
[SourceQuality "1"]

1. e4 c5 2. Nf3 d6 3. d4 cxd4 4. Nxd4 Bd7 5. Nc3 Nf6 6. Be2 g6 7. 0-0 Bg7 8. Be3 Nc6 9. f4 0-0 10. h3 a6 11. Qe1 Rc8 12. Bf3 b5 13. Nce2 Nxd4 14. Bxd4 Rxc2 15. Bc3 b4 16. Qd1 Rxe2 17. Bxf6 Qb6+ 18. Kh1 Re3 19. Bxe7 Re8 20. Qxd6 Qxd6 21. Bxd6 Bxb2 22. Rab1 Bb5 23. Rfd1 Ba4 24. Rg1 Ba3 25. e5 Bc2 26. Rbe1 Rxe1 27. Rxe1 Bf5 28. Bb7 a5 29. Rd1 Bb2 30. Rd5 Bc3 31. Rc5 Bd2 32. Rc4 Be6 33. Rd4 Bc3 34. Rd1 Bxa2 35. g4 Bb3 36. Rb1 a4 37. f5 a3 0-1

[Event "BAN-chT2 Borsho 2nd"]
[Site "Bangladesh"]
[Date "2021.01.23"]
[Round "4.1"]
[White "Jodunath, Biswas"]
[Black "Md Ferdous, Wahid"]
[Result "1-0"]
[WhiteElo "1742"]
[BlackElo "1602"]
[PlyCount "79"]
[EventDate "2021.01.20"]
[EventType "team-tourn"]
[EventRounds "9"]
[EventCountry "BAN"]
[SourceTitle "CBM 200 Extra"]
[Source "ChessBase"]
[SourceDate "2021.03.31"]
[SourceVersion "1"]
[SourceVersionDate "2021.03.31"]
[SourceQuality "1"]
[WhiteTeam "Grassroot Sports Academy"]
[BlackTeam "Crescent Club"]
[WhiteTeamCountry "BAN"]
[BlackTeamCountry "BAN"]

1. e4 e5 2. Nf3 Nc6 3. Bc4 h6 4. 0-0 Nf6 5. Re1 Bc5 6. c3 0-0 7. d4 exd4 8. cxd4 Bb4 9. Nc3 Bxc3 10. bxc3 d5 11. exd5 Nxd5 12. Ba3 Be6 13. Bxd5 Qxd5 14. Bxf8 Rxf8 15. Ne5 b5 16. a4 a6 17. axb5 axb5 18. Rb1 Ne7 19. Qf3 Qxf3 20. Nxf3 Nd5 21. Rxb5 Nxc3 22. Rc5 Nd5 23. Ne5 Ra8 24. g3 g6 25. Nxg6 Ra4 26. Rxd5 Bxd5 27. Ne7+ Kg7 28. Nxd5 c6 29. Ne7 Rc4 30. Rd1 Kf6 31. Nc8 h5 32. Nd6 Rc2 33. Re1 Kg6 34. Re5 Rd2 35. Nf5 f6 36. Rc5 Kf7 37. Rxc6 Kg6 38. Nh4+ Kf7 39. Nf3 Rd1+ 40. Kg2 1-0

[Event "BAN-chB 43rd"]
[Site "Dhaka"]
[Date "2017.11.12"]
[Round "6"]
[White "Hossain, Delwar"]
[Black "Jodunath, Biswas"]
[Result "1-0"]
[WhiteElo "2117"]
[BlackElo "1884"]
[PlyCount "85"]
[EventDate "2017.11.07"]
[EventType "swiss"]
[EventRounds "11"]
[EventCountry "BAN"]
[SourceTitle "CBM 181 Extra"]
[Source "ChessBase"]
[SourceDate "2017.12.12"]
[SourceVersion "1"]
[SourceVersionDate "2017.12.12"]
[SourceQuality "1"]

1. e4 c5 2. Nf3 e6 3. c3 Nc6 4. d4 d5 5. e5 Nge7 6. Bd3 Bd7 7. 0-0 Ng6 8. g3 Be7 9. Be3 Qb6 10. b3 0-0 11. a3 a5 12. h4 f5 13. exf6 gxf6 14. h5 Nh8 15. Nbd2 e5 16. Nh4 e4 17. Nxe4 dxe4 18. Bxe4 cxd4 19. cxd4 Nd8 20. Nf5 Bxf5 21. Bxf5 Nhf7 22. h6 Kh8 23. Qg4 Rg8 24. Qf3 Nd6 25. Bd3 Qxb3 26. Bf4 N8f7 27. Rfe1 Rae8 28. Rxe7 Rxe7 29. Bxd6 Nxd6 30. Qxf6+ Reg7 31. hxg7+ Rxg7 32. Qxd6 Qxd3 33. Qf8+ Rg8 34. Qf6+ Rg7 35. Rc1 h6 36. Qxh6+ Qh7 37. Rc8+ Rg8 38. Qxh7+ Kxh7 39. Rxg8 Kxg8 40. Kf1 b5 41. Ke2 Kf7 42. Kd3 Ke6 43. f4 1-0

[Event "BAN-chB 43rd"]
[Site "Dhaka"]
[Date "2017.11.08"]
[Round "2"]
[White "Ahmed, Shafiq"]
[Black "Jodunath, Biswas"]
[Result "1-0"]
[WhiteElo "2118"]
[BlackElo "1884"]
[PlyCount "69"]
[EventDate "2017.11.07"]
[EventType "swiss"]
[EventRounds "11"]
[EventCountry "BAN"]
[SourceTitle "CBM 181 Extra"]
[Source "ChessBase"]
[SourceDate "2017.12.12"]
[SourceVersion "1"]
[SourceVersionDate "2017.12.12"]
[SourceQuality "1"]

1. e4 g6 2. d4 Bg7 3. Nf3 c5 4. Nc3 cxd4 5. Nxd4 Nc6 6. Be3 d6 7. Qd2 Nf6 8. f3 h5 9. 0-0-0 Bd7 10. Kb1 a6 11. Nd5 Nxd5 12. exd5 Ne5 13. h3 b5 14. b3 f5 15. f4 Nf7 16. Bd3 Qc8 17. g4 hxg4 18. hxg4 Nh6 19. g5 Ng4 20. Rxh8+ Bxh8 21. Rh1 Bg7 22. Rh7 Kf7 23. Ne6 Bxe6 24. Bd4 Ne5 25. fxe5 Kf8 26. dxe6 dxe5 27. Qh2 Qxe6 28. Rxg7 Kxg7 29. Bxe5+ Kf8 30. Qh6+ Ke8 31. Qh8+ Kf7 32. Qxa8 Qxe5 33. Qxa6 Qe1+ 34. Kb2 Qe5+ 35. c3 1-0

[Event "BAN-chB 42nd"]
[Site "Dhaka"]
[Date "2016.10.29"]
[Round "10"]
[White "Jodunath, Biswas"]
[Black "Md, Nasim Hossain Bhuiy"]
[Result "0-1"]
[WhiteElo "1782"]
[BlackElo "1942"]
[PlyCount "66"]
[EventDate "2016.10.20"]
[EventType "swiss"]
[EventRounds "11"]
[EventCountry "BAN"]
[SourceTitle "CBM 175 Extra"]
[Source "ChessBase"]
[SourceDate "2016.12.12"]
[SourceVersion "1"]
[SourceVersionDate "2016.12.12"]
[SourceQuality "1"]

1. b4 Nf6 2. Bb2 e6 3. a3 d5 4. e3 c5 5. bxc5 Bxc5 6. Nf3 0-0 7. c4 dxc4 8. Bxc4 Nc6 9. d4 Be7 10. Nbd2 b6 11. 0-0 Bb7 12. Rc1 Na5 13. Ba2 Rc8 14. Qe2 Qd7 15. Ne5 Qa4 16. Qd3 Rxc1 17. Rxc1 Rc8 18. Rxc8+ Bxc8 19. Nf1 Bb7 20. f3 Bd5 21. Bxd5 Nxd5 22. e4 Nf4 23. Qd2 Bg5 24. Qf2 Qd1 25. h4 Ne2+ 26. Kh2 Bf4+ 27. g3 Bxe5 28. dxe5 Nc4 29. Ba1 Nxa3 30. Kh3 h6 31. h5 Nc2 32. Bb2 Nb4 33. Ba3 Nd3 0-1

[Event "BAN-chB 42nd"]
[Site "Dhaka"]
[Date "2016.10.28"]
[Round "9"]
[White "Md Emdadul, Haque"]
[Black "Jodunath, Biswas"]
[Result "1-0"]
[WhiteElo "1996"]
[BlackElo "1782"]
[PlyCount "57"]
[EventDate "2016.10.20"]
[EventType "swiss"]
[EventRounds "11"]
[EventCountry "BAN"]
[SourceTitle "CBM 175 Extra"]
[Source "ChessBase"]
[SourceDate "2016.12.12"]
[SourceVersion "1"]
[SourceVersionDate "2016.12.12"]
[SourceQuality "1"]

1. d4 Nf6 2. Bf4 d5 3. e3 b6 4. Nd2 Bb7 5. h3 Nbd7 6. Ngf3 e6 7. Bd3 Be7 8. Rc1 c5 9. c3 0-0 10. 0-0 Ne4 11. Qc2 f5 12. c4 Rc8 13. b3 g5 14. Bh2 g4 15. hxg4 fxg4 16. Ne5 Ndf6 17. Bf4 cxd4 18. exd4 Qe8 19. f3 Nxd2 20. Qxd2 Qh5 21. fxg4 Qe8 22. Bh6 Ne4 23. Bxe4 Rxf1+ 24. Rxf1 dxe4 25. Rf7 Qxf7 26. Nxf7 Kxf7 27. Qf4+ Kg6 28. Qe5 Bf6 29. Qh5# 1-0